000 00635nam a2200193Ia 4500
005 20250508163535.0
008 008 250505s9999 xx 000 0 hin d
037 _aDissertations
040 _aFEDL
_beng
_cFEDL
041 _ahin
_2eng
084 _a320.7, KUS/DI
_qFEDL
100 _aKusum Lata
245 0 _aUchyetar madhyamik ster par rajnitik vigyan vishaye ke shikshan-udeshon ke sandharb mein rajnitik vigyan ke pathyapustakon ka vishleshnatmak addhyan
260 _c1997
300 _a83p.
546 _aM.Ed. Dissertation (Delhi University)
942 _cDIS
_h320.7, KUS/DI
999 _c1383966
_d1383966